00406nam a22001577a 4500003000400000005001700004008004100021020002300062035001300085040001500098082000600113100001700119245002700136260006900163300001600232dpl20181214122735.0181214b ||||| |||| 00| 0 eng d a070097002249c0.00 aA-818842 aDPLbENc0 aS aBarrie, J.M. aPeter PancJ.M. Barrie anew yorkbplaymore inc., publihers and waldman publishing corp., a240p:c14cm